000 01080nam a2200181Ia 4500
008 151202s9999||||xx |||||||||||||| ||und||
082 _bPNVM-70098
100 _aदेशपांडे राजेश्‍वरी.
245 _aमहाराष्ट्र चरित्र ग्रंथमाला संच ( आचार्य शंकर दत्तात्रय जावडेकर ).
260 _b"गंधर्व - वेद प्रकाशन, पुणे."
260 _c70098
300 _a151
600 _aदेशपांडे राजेश्‍वरी.
630 _aमहाराष्ट्र चरित्र ग्रंथमाला संच ( आचार्य शंकर दत्तात्रय जावडेकर ).
700 _aदेशपांडे राजेश्‍वरी.
730 _aमहाराष्ट्र चरित्र ग्रंथमाला संच ( आचार्य शंकर दत्तात्रय जावडेकर ).
942 _cBOOK
999 _c1336608
_d1336605